| 000 | 00415nam a2200169Ia 4500 | ||
|---|---|---|---|
| 003 | LK-CoDNM | ||
| 008 | 010623t1979 xxu||||| |||| 00| 1 sin d | ||
| 040 |
_aLK-CoDNM _dLK-CoDNM _eLK-CoDNM |
||
| 041 | _asin | ||
| 080 | _a(x)78 GEE | ||
| 245 | _aස්වර්ණ ගී සංකල්පනා | ||
| 246 | _aSwarna gee sankalpana | ||
| 260 |
_b _c1979 |
||
| 300 | _b, 19 cm | ||
| 650 | _aMusic | ||
| 942 | _cBK | ||
| 999 |
_c111089 _d111089 |
||